[Event "Torneo Citta' di Milano A"]
[Site "Milano ITA"]
[Date "2007.05.20"]
[Round "5"]
[White "Chinnici, Giorgio"]
[Black "Rossi, Giampiero"]
[Result "1/2-1/2"]
[WhiteElo "1727"]
[BlackElo "2010"]
[PlyCount "79"]
[EventDate "2007.05.18"]

1.e4 c5 2.Nc3 e6 3.Bc4 a6 4.a4 Nc6 5.f4 g6 6.Nf3 d6 7.O-O Bg7 8.d3 Nge7 9.
f5 exf5 10.Bg5 O-O 11.Qd2 Kh8 12.Bh6 Bxh6 13.Qxh6 Ng8 14.Qf4 Nb4 15.Ng5 
Qf6 16.Rf3 h6 17.Nxf7+ Rxf7 18.Bxf7 Qxf7 19.Qxd6 Nxc2 20.Raf1 Nd4 21.Rg3 
Be6 22.Qxc5 Rd8 23.exf5 Bxf5 24.Re3 Qd7 25.Ne4 Qd5 26.Qxd5 Rxd5 27.g4 Bxe4
28.dxe4 Rg5 29.h3 Re5 30.Rf8 Kg7 31.Rd8 Nc6 32.Rd7+ Re7 33.Rxe7+ Ngxe7 34.
Rb3 Nd8 35.Kf2 a5 36.Ke3 Nec6 37.Rd3 Kf7 38.Rd6 Kg7 39.Kf4 g5+ 40.Ke3 
1/2-1/2

[Event "Torneo Citta' di Milano A"]
[Site "Milano ITA"]
[Date "2007.05.20"]
[Round "5"]
[White "Corti, Filippo"]
[Black "Villalba, Fernando"]
[Result "1/2-1/2"]
[WhiteElo "1649"]
[BlackElo "1896"]
[PlyCount "29"]
[EventDate "2007.05.18"]

1.Nf3 d5 2.g3 g6 3.Bg2 Bg7 4.O-O Nf6 5.d4 O-O 6.Nbd2 Nc6 7.c3 a5 8.a4 Re8 
9.Re1 e5 10.dxe5 Nxe5 11.Nxe5 Rxe5 12.Nf3 Re8 13.Bg5 c6 14.Qb3 h6 15.Bxf6 
1/2-1/2

[Event "Torneo Citta' di Milano A"]
[Site "Milano ITA"]
[Date "2007.05.20"]
[Round "5"]
[White "Di Chiara, Mauro"]
[Black "Travaglini, Renzo"]
[Result "1-0"]
[WhiteElo "1794"]
[BlackElo "1616"]
[PlyCount "73"]
[EventDate "2007.05.18"]

1.e4 e6 2.d3 c5 3.g3 g6 4.Bg2 Bg7 5.Nd2 d6 6.f4 Ne7 7.c3 Nbc6 8.Nh3 b5 9.
a3 Bd7 10.O-O O-O 11.Nf3 Rb8 12.g4 f5 13.gxf5 exf5 14.Qb3+ Kh8 15.Nfg5 Be8
16.Ne6 Qb6 17.Qd1 Rf6 18.Nxg7 Kxg7 19.Be3 Bd7 20.b4 fxe4 21.dxe4 Rd8 22.
Qc1 a5 23.e5 dxe5 24.Bxc5 Qc7 25.fxe5 Rxf1+ 26.Qxf1 Qxe5 27.Re1 Qxc3 28.
Bxe7 Qd4+ 29.Qf2 Qxf2+ 30.Nxf2 Re8 31.Bxc6 Bxc6 32.Ng4 Ra8 33.bxa5 h5 34.
Bf6+ Kg8 35.Ne5 Be8 36.Rd1 Kh7 37.Rd8 1-0

[Event "Torneo Citta' di Milano A"]
[Site "Milano ITA"]
[Date "2007.05.20"]
[Round "5"]
[White "Didoni, Renato"]
[Black "Mileo, Pierpaolo"]
[Result "0-1"]
[WhiteElo "2043"]
[BlackElo "1676"]
[PlyCount "70"]
[EventDate "2007.05.18"]

1.e4 e6 2.Nf3 d5 3.Nc3 d4 4.Ne2 c5 5.d3 Nc6 6.g3 Nge7 7.Bg2 g6 8.O-O Bg7 
9.Nh4 O-O 10.f4 f5 11.a3 a5 12.Re1 Rb8 13.Kh1 b5 14.Ng1 Rb6 15.Bd2 fxe4 
16.Rxe4 e5 17.Qe2 exf4 18.Bxf4 Nd5 19.Bd2 Ra6 20.Re1 Nf6 21.Bg5 Nxe4 22.
Bxd8 Nf2+ 23.Qxf2 Rxf2 24.Bc7 Bf8 25.Bd5+ Kg7 26.c4 dxc3 27.bxc3 b4 28.Bc4
Ra7 29.Bf4 bxa3 30.Ra1 Bb7 31.Nhf3 Be7 32.Re1 Bf6 33.Be3 Bxc3 34.Rd1 Rxf3 
35.Nxf3 Nd4 0-1

[Event "Torneo Citta' di Milano A"]
[Site "Milano ITA"]
[Date "2007.05.20"]
[Round "5"]
[White "Franzini, Stefano"]
[Black "Martelli, Tommaso"]
[Result "1-0"]
[WhiteElo "1640"]
[BlackElo "1808"]
[PlyCount "87"]
[EventDate "2007.05.18"]

1.d4 Nf6 2.Nf3 e6 3.Bf4 c5 4.e3 Nc6 5.c3 a6 6.Nbd2 d5 7.Bd3 c4 8.Bc2 b5 9.
O-O Bd6 10.Bxd6 Qxd6 11.e4 Qf4 12.Qe2 O-O 13.e5 Nd7 14.Ne1 a5 15.g3 Qh6 
16.Ng2 a4 17.f4 b4 18.Nf3 a3 19.b3 Ba6 20.bxc4 bxc3 21.Ne3 Rfb8 22.Qe1 Nb4
23.Qxc3 Nxc2 24.Qxc2 Rb2 25.Qc3 Bb7 26.c5 Bc6 27.Rf2 Qh5 28.Kg2 Rxf2+ 29.
Kxf2 Qg6 30.Nc2 f6 31.Nb4 Bb5 32.c6 fxe5 33.cxd7 Bxd7 34.Nxe5 Qe8 35.Rc1 
Rc8 36.Qxa3 Bb5 37.Nbd3 Ra8 38.Qb2 Rb8 39.Qc3 Qh5 40.h4 g5 41.fxg5 Rf8+ 
42.Nf4 Qe2+ 43.Kg1 Qxa2 44.Ra1 1-0

[Event "Torneo Citta' di Milano A"]
[Site "Milano ITA"]
[Date "2007.05.20"]
[Round "5"]
[White "Marchesotti, Giovanni"]
[Black "Ferraris, Fulvio"]
[Result "0-1"]
[WhiteElo "1590"]
[BlackElo "1739"]
[PlyCount "120"]
[EventDate "2007.05.18"]

1.c4 e6 2.g3 Nf6 3.Bg2 c6 4.e4 Qc7 5.Nc3 b6 6.d4 d6 7.Nge2 Bb7 8.O-O h5 9.
h4 Nbd7 10.Bd2 Rd8 11.Rc1 e5 12.d5 a5 13.a3 Nc5 14.Bg5 Be7 15.b4 axb4 16.
axb4 Ncd7 17.Ra1 O-O 18.Qb3 Ra8 19.Rfd1 Rxa1 20.Rxa1 Ra8 21.Rxa8+ Bxa8 22.
Qa4 Bb7 23.Qa7 Qb8 24.Qxb8+ Nxb8 25.b5 cxd5 26.Nxd5 Nxd5 27.cxd5 Bxg5 28.
hxg5 Nd7 29.Bh3 Nc5 30.Nc3 Kf8 31.f3 Ke7 32.Kf1 Kd8 33.Ke2 Kc7 34.Ke3 Bc8 
35.Bxc8 Kxc8 36.f4 Kc7 37.f5 Nd7 38.Kf3 Nf8 39.g4 Nh7 40.gxh5 Nxg5+ 41.Kg4
Nh7 42.Na4 Nf6+ 43.Kf3 Nxh5 44.Nc3 Nf6 45.Kg3 Kd8 46.Kh4 Nd7 47.Kg5 Ke7 
48.Kh4 Kf8 49.Kh5 Kg8 50.Kg4 Kh7 51.Kg5 Kg8 52.Kg4 Kh8 53.Kf3 Kh7 54.Na4 
g6 55.fxg6+ Kxg6 56.Nc3 Kg5 57.Na4 f6 58.Nc3 Nc5 59.Ke3 f5 60.exf5 Kxf5 
0-1

[Event "Torneo Citta' di Milano A"]
[Site "Milano ITA"]
[Date "2007.05.20"]
[Round "5"]
[White "Margstahler, Francesco"]
[Black "D'Alessio, Angelo"]
[Result "1/2-1/2"]
[WhiteElo "1684"]
[BlackElo "1440"]
[PlyCount "120"]
[EventDate "2007.05.18"]

1.e4 e6 2.d4 d5 3.Nd2 Nf6 4.e5 Nfd7 5.Bd3 c5 6.c3 Nc6 7.Ne2 a5 8.Nf3 b6 9.
O-O Ba6 10.Bxa6 Rxa6 11.Qd3 c4 12.Qc2 Be7 13.Ne1 a4 14.f4 g6 15.Ng3 Bh4 
16.Qf2 Ne7 17.Nf3 Bxg3 18.Qxg3 b5 19.Qh3 Nb8 20.f5 exf5 21.Bg5 Nd7 22.Qh6 
Nf8 23.Rae1 Ne6 24.Bf6 Ng8 25.Qh4 Nxf6 26.exf6 h5 27.Re3 O-O 28.Rfe1 b4 
29.cxb4 Qb6 30.a3 f4 31.Re5 Nxd4 32.Nxd4 Qxd4+ 33.Kh1 Qxb2 34.Rxh5 Qxf6 
35.Qxf6 Rxf6 36.Rxd5 f3 37.gxf3 Rxf3 38.Rd4 Rc8 39.Rc1 Rxa3 40.Rdxc4 Rxc4 
41.Rxc4 Rb3 42.b5 a3 43.Ra4 Rb1+ 44.Kg2 Rb2+ 45.Kg3 a2 46.b6 Kg7 47.b7 
Rxb7 48.Rxa2 f6 49.Ra4 f5 50.h4 Kh6 51.Rc4 Re7 52.Rc8 Re3+ 53.Kg2 Kh5 54.
Rh8+ Kg4 55.Rh6 Re6 56.Kf2 f4 57.h5 Kg5 58.Rxg6+ Rxg6 59.hxg6 Kxg6 60.Kf3 
Kf5 1/2-1/2

[Event "Torneo Citta' di Milano A"]
[Site "Milano ITA"]
[Date "2007.05.20"]
[Round "5"]
[White "Mariucci, Felice"]
[Black "De Francisci, Lorenzo"]
[Result "1-0"]
[WhiteElo "1649"]
[BlackElo "1720"]
[PlyCount "58"]
[EventDate "2007.05.18"]

1.Nf3 d5 2.e3 c5 3.b3 Nc6 4.Bb2 e6 5.Bb5 Bd7 6.O-O Nf6 7.d3 Bd6 8.Nbd2 O-O
9.e4 dxe4 10.dxe4 Ne5 11.Bxd7 Nxf3+ 12.Nxf3 Qxd7 13.e5 Bxe5 14.Bxe5 Rad8 
15.Bxf6 gxf6 16.Qe2 Qc7 17.h3 Kh8 18.Rad1 Rg8 19.Rd2 Rg7 20.Rfd1 Rdg8 21.
Ne1 Qf4 22.Rd8 Qh4 23.Qf3 f5 24.Rxg8+ Rxg8 25.Qc3+ f6 26.g3 f4 27.Ng2 Qg5 
28.Nxf4 Qxf4 29.Qxc5 h5 1-0

[Event "Torneo Citta' di Milano A"]
[Site "Milano ITA"]
[Date "2007.05.20"]
[Round "5"]
[White "Melino, Gianluca"]
[Black "Madaschi, Sergio"]
[Result "1-0"]
[WhiteElo "1643"]
[BlackElo "1511"]
[PlyCount "61"]
[EventDate "2007.05.18"]

1.d4 Nf6 2.Bg5 g6 3.Bxf6 exf6 4.e3 Bg7 5.Bd3 d5 6.Ne2 Nc6 7.a3 O-O 8.O-O 
b6 9.c4 Ne7 10.Nbc3 c6 11.cxd5 cxd5 12.Qb3 Bb7 13.Rac1 Rc8 14.Rc2 Qd7 15.
Rfc1 Rfd8 16.Nf4 Bh6 17.Nce2 Rxc2 18.Rxc2 Rc8 19.Rc3 Rxc3 20.Qxc3 Kg7 21.
b4 a6 22.h3 f5 23.Bc2 Qd6 24.Bb3 g5 25.Nd3 f6 26.a4 Kg6 27.a5 Bf8 28.axb6 
Qxb6 29.Qc5 Qd8 30.Qa7 Qc7 31.Nc5 1-0

[Event "Torneo Citta' di Milano A"]
[Site "Milano ITA"]
[Date "2007.05.20"]
[Round "5"]
[White "Sciarra, Giuseppe"]
[Black "Zampar, Andrea"]
[Result "0-1"]
[WhiteElo "1568"]
[BlackElo "1502"]
[PlyCount "91"]
[EventDate "2007.05.18"]

1.e4 c5 2.Nf3 d6 3.d4 cxd4 4.Nxd4 a6 5.Nc3 e6 6.Bc4 b5 7.Bd3 Bb7 8.O-O Nf6
9.h3 Be7 10.Be3 Nbd7 11.f4 Rc8 12.a3 Rxc3 13.bxc3 Nxe4 14.Qg4 O-O 15.c4 
Ndf6 16.Qh4 bxc4 17.Bxc4 Nd5 18.Qe1 Bh4 19.Bf2 Bxf2+ 20.Rxf2 Nxf2 21.Qxf2 
Qa8 22.Nf3 Ne7 23.Qe2 Nf5 24.Qf2 h5 25.Rd1 d5 26.Bd3 Nd6 27.Qh4 g6 28.Qf6 
Qd8 29.Qe5 Ne8 30.Rd2 Qf6 31.Qe3 Nd6 32.Rf2 Qa1+ 33.Bf1 Nc4 34.Qb3 Bc6 35.
Ne5 Bb5 36.Nxc4 Bxc4 37.Qb4 Qc1 38.g3 Rc8 39.Kg2 Bxf1+ 40.Rxf1 Qxc2+ 41.
Rf2 Qc4 42.Qe7 Qe4+ 43.Kh2 Rc1 44.Rg2 Qe1 45.g4 h4 46.Qxh4 0-1

[Event "Torneo Citta' di Milano A"]
[Site "Milano ITA"]
[Date "2007.05.20"]
[Round "5"]
[White "Stips, Felix"]
[Black "Martinez, Rolly"]
[Result "0-1"]
[WhiteElo "2029"]
[BlackElo "2422"]
[PlyCount "120"]
[EventDate "2007.05.18"]

1.e4 c5 2.Nf3 Nc6 3.d4 cxd4 4.Nxd4 Nf6 5.Nc3 d6 6.g3 g6 7.Bg2 Bd7 8.O-O 
Bg7 9.Nde2 O-O 10.a4 Rc8 11.Nd5 Na5 12.c3 Nxd5 13.exd5 Qb6 14.Ra3 Nc4 15.
Ra2 Bg4 16.h3 Bxe2 17.Qxe2 Rfe8 18.Re1 a5 19.Qc2 Qc7 20.b3 Nb6 21.c4 Nd7 
22.Be3 Nc5 23.Bxc5 Qxc5 24.Qd3 Bf6 25.Rae2 Kg7 26.Kh2 h5 27.h4 Rc7 28.Bh3 
Qd4 29.Qxd4 Bxd4 30.Kg2 Bf6 31.f4 Ra8 32.Kf3 Ra6 33.Re3 Rb6 34.Bf1 Rb4 35.
Bh3 Kf8 36.Rd3 Ke8 37.Re4 Kf8 38.Bf1 Rc8 39.Bh3 Rd8 40.Bf1 Ke8 41.Bh3 Ra8 
42.Bf1 Kd7 43.Bh3+ Kc7 44.Bf1 Kb6 45.Be2 Kc5 46.Bd1 Re8 47.Bc2 Rb6 48.Rde3
Ra6 49.Ke2 Raa8 50.Kf3 Ra6 51.Ke2 Raa8 52.Kf3 Rac8 53.Re1 Kb4 54.R1e3 Rc5 
55.Ke2 Rec8 56.Kd2 R5c7 57.Kd1 Kc5 58.Kd2 Bd4 59.Re2 Bf6 60.R2e3 Kb6 0-1

[Event "Torneo Citta' di Milano A"]
[Site "Milano ITA"]
[Date "2007.05.20"]
[Round "5"]
[White "Zacco, Remo"]
[Black "Patrucco, Carlo"]
[Result "1-0"]
[WhiteElo "2011"]
[BlackElo "1685"]
[PlyCount "53"]
[EventDate "2007.05.18"]

1.e4 e6 2.d4 d5 3.Nc3 Bb4 4.Ne2 c5 5.exd5 exd5 6.dxc5 Nf6 7.Bg5 Be6 8.Qd3 
O-O 9.O-O-O Bxc5 10.Nf4 Qc7 11.Nfxd5 Nxd5 12.Nxd5 Bxd5 13.Qxd5 Bxf2 14.Bd3
Nc6 15.Qf5 f6 16.Qxh7+ Kf7 17.Bg6+ Ke6 18.Qh3+ Ke7 19.Qa3+ Ke6 20.Be3 
Bxe3+ 21.Qxe3+ Ne5 22.Rhe1 b6 23.g4 Rab8 24.Bf5+ Kf7 25.Qb3+ Qc4 26.Qxc4+ 
Nxc4 27.Be6+ 1-0

[Event "I Festival Capo d'Orso"]
[Site "Portomannu - Palau ITA"]
[Date "2007.05.19"]
[Round "1"]
[White "Aagaard, Jacob"]
[Black "Friedrich, Norbert"]
[Result "1-0"]
[WhiteElo "2477"]
[BlackElo "2317"]
[PlyCount "81"]
[EventDate "2007.05.19"]

1. e4 c5 2. Nf3 e6 3. d4 cxd4 4. Nxd4 a6 5. Bd3 Nf6 6. O-O d6 7. Nc3 g6 8. a4
b6 9. Be3 Bg7 10. a5 bxa5 11. Qe2 O-O 12. Ra3 Nfd7 13. Nb3 Nc6 14. Qd2 Qc7 15.
Be2 Rd8 16. Bh6 Rb8 17. Bxg7 Kxg7 18. Rfa1 Nf6 19. Qf4 Rb4 20. Bd3 Qe7 21. Qe3
Qc7 22. Qg3 Nh5 23. Qg5 h6 24. Qe3 Nf6 25. h3 Bb7 26. Qe2 Qc8 27. Qe1 Qc7 28.
Na2 Rb6 29. Nxa5 Rxb2 30. Qc3 Rb6 31. Nb4 Rxb4 32. Nxc6 Qxc6 33. Qxb4 Nxe4 34.
Rxa6 Qd5 35. Rb6 Nc5 36. Bf1 Rc8 37. Qb2+ e5 38. c4 Qe4 39. Rxd6 Ne6 40. Ra3
Bc6 41. Re3 1-0

[Event "I Festival Capo d'Orso"]
[Site "Portomannu - Palau ITA"]
[Date "2007.05.19"]
[Round "1"]
[White "Baracca, Paolo"]
[Black "Ciampi, Vincenzo"]
[Result "1-0"]
[WhiteElo "1894"]
[BlackElo "2106"]
[PlyCount "105"]
[EventDate "2007.05.19"]

1. d4 Nc6 2. c4 e5 3. d5 Nce7 4. e4 Nf6 5. Bd3 Ng6 6. a3 d6 7. Ne2 Be7 8. Nbc3
O-O 9. O-O c6 10. b4 Nh5 11. Be3 Nhf4 12. dxc6 bxc6 13. b5 c5 14. Bxf4 exf4 15.
f3 Bf6 16. Ra2 Be5 17. Kh1 Be6 18. Nd5 Bxd5 19. cxd5 Qa5 20. Qd2 Qxd2 21. Rxd2
Rfc8 22. Rc2 Nf8 23. a4 Nd7 24. a5 g5 25. g3 fxg3 26. hxg3 Bf6 27. f4 Bd8 28.
Ra1 Nf6 29. Rc4 Rab8 30. Nc3 Ng4 31. Kg1 Bf6 32. e5 dxe5 33. fxg5 Bg7 34. Re1
h5 35. Bf5 Rd8 36. Rxc5 e4 37. Rxe4 Ne3 38. Bh3 Bxc3 39. Rxc3 Nxd5 40. Rc5 Kf8
41. Re5 Nb4 42. Rc7 Rd5 43. Rxd5 Nxd5 44. Rc8+ Rxc8 45. Bxc8 Ke7 46. Bb7 Kd6
47. Kf2 Nb4 48. Bf3 Kc5 49. b6 axb6 50. axb6 Kxb6 51. Bxh5 Nd3+ 52. Ke3 Ne5 53.
Kf4 1-0

[Event "I Festival Capo d'Orso"]
[Site "Portomannu - Palau ITA"]
[Date "2007.05.19"]
[Round "1"]
[White "Biedekoepper, Robert"]
[Black "Paulesu, Sebastiano"]
[Result "1-0"]
[WhiteElo "2152"]
[BlackElo "1969"]
[PlyCount "107"]
[EventDate "2007.05.19"]

1. d4 e5 2. dxe5 Nc6 3. Nf3 d5 4. exd6 Bxd6 5. Bg5 Nf6 6. e3 O-O 7. Be2 Bf5 8.
O-O Nb4 9. Nd4 Bg6 10. a3 Nbd5 11. c4 h6 12. Bh4 Nb6 13. Nc3 c6 14. Rc1 Qe7 15.
Bd3 Rad8 16. Bxg6 fxg6 17. Qe2 g5 18. Bg3 Bxg3 19. hxg3 Ne4 20. Nxe4 Qxe4 21.
Qc2 Qe5 22. g4 Nd7 23. c5 Nf6 24. Qf5 Rd5 25. b4 Qe8 26. Qe6+ Qxe6 27. Nxe6 Rf7
28. Rc4 Re7 29. Nd4 Re4 30. Rfc1 Rxg4 31. f3 Rh4 32. e4 Rd7 33. g3 Rh5 34. g4
Nxg4 35. fxg4 Rh4 36. Nf3 Rxg4+ 37. Kf2 Rf4 38. e5 Rf5 39. Ke2 Rdf7 40. R1c3 h5
41. e6 Re7 42. Re4 g4 43. Nd4 Rf6 44. Rce3 g6 45. a4 a6 46. b5 axb5 47. axb5
cxb5 48. Nxb5 Rf5 49. Re5 Kf8 50. Nd6 Rxe5 51. Rxe5 Rc7 52. Nb5 Re7 53. Nc3 Rg7
54. Nd5 1-0

[Event "I Festival Capo d'Orso"]
[Site "Portomannu - Palau ITA"]
[Date "2007.05.19"]
[Round "1"]
[White "Burlando, Alessandro"]
[Black "Figus, Maurizio"]
[Result "1/2-1/2"]
[WhiteElo "2115"]
[BlackElo "1919"]
[PlyCount "62"]
[EventDate "2007.05.19"]

1. d4 Nf6 2. c4 g6 3. Nc3 Bg7 4. e4 d6 5. Be2 O-O 6. Bg5 h6 7. Bf4 c5 8. d5 b5
9. cxb5 a6 10. b6 Qxb6 11. Qb3 Qa5 12. Bd2 Nbd7 13. Na4 Qc7 14. Qc2 Bb7 15. f3
Rac8 16. Rc1 e6 17. dxe6 fxe6 18. Nh3 Ne5 19. O-O g5 20. Nc3 d5 21. exd5 exd5
22. f4 Neg4 23. Bf3 Nxh2 24. Kxh2 g4 25. Nxd5 Bxd5 26. Bxd5+ Nxd5 27. Qc4 Qf7
28. Nf2 Qh5+ 29. Kg3 Bd4 30. Nxg4 Kg7 31. Rh1 Qf5 1/2-1/2

[Event "I Festival Capo d'Orso"]
[Site "Portomannu - Palau ITA"]
[Date "2007.05.19"]
[Round "1"]
[White "Calabrese, Antonino"]
[Black "Zoldan, Matteo"]
[Result "0-1"]
[WhiteElo "1930"]
[BlackElo "2121"]
[PlyCount "108"]
[EventDate "2007.05.19"]

1. e4 c5 2. Nf3 d6 3. d3 Nc6 4. g3 g6 5. Bg2 Bg7 6. O-O Nf6 7. Re1 O-O 8. Nbd2
e5 9. Nc4 Ne8 10. c3 f5 11. Ne3 Nc7 12. Nd5 Kh8 13. Bg5 Qd7 14. Nh4 Ne6 15. Bd2
f4 16. g4 c4 17. dxc4 Nc5 18. f3 Qd8 19. b4 Ne6 20. Nf5 gxf5 21. exf5 Nc7 22.
Re2 Nxd5 23. cxd5 Ne7 24. Be1 b5 25. Bf2 Bb7 26. Rc1 Nxd5 27. Rd2 Ne3 28. Bxe3
fxe3 29. Rxd6 Qh4 30. Qe2 Rae8 31. Rd7 Bc6 32. Rc7 Bd5 33. Qxe3 Bh6 34. Qe1 Qd8
35. Rxh7+ Kxh7 36. Rd1 Qb6+ 37. Kh1 Bc6 38. Qh4 Qe3 39. Re1 Qf4 40. Qf2 Re7 41.
Qc5 Rc7 42. Qd6 Rff7 43. Qg6+ Kh8 44. Rd1 Rcd7 45. Rf1 Bb7 46. Qe6 Rde7 47. Qd6
e4 48. Qd8+ Kh7 49. Qd1 exf3 50. Bxf3 Qxg4 51. Qd3 Bxf3+ 52. Rxf3 Re1+ 53. Rf1
Rxf1+ 54. Qxf1 Qxf5 0-1

[Event "I Festival Capo d'Orso"]
[Site "Portomannu - Palau ITA"]
[Date "2007.05.19"]
[Round "1"]
[White "Chiarotto, Filippo"]
[Black "Savarese, Vincenzo"]
[Result "1-0"]
[WhiteElo "2056"]
[BlackElo "1867"]
[PlyCount "40"]
[EventDate "2007.05.19"]

1. e4 e6 2. Qe2 Be7 3. g3 d5 4. e5 c5 5. Bg2 Nc6 6. c3 Bd7 7. d3 Qc7 8. Nf3 h5
9. h4 Nh6 10. Bf4 Ng4 11. O-O Qb6 12. c4 O-O-O 13. Nc3 Nd4 14. Nxd4 cxd4 15.
Nxd5 exd5 16. cxd5 Bf5 17. d6 Bf8 18. Rfc1+ Kb8 19. Rc7 Rd7 20. Rac1 g6 1-0

[Event "I Festival Capo d'Orso"]
[Site "Portomannu - Palau ITA"]
[Date "2007.05.19"]
[Round "1"]
[White "Dehmel, Jens"]
[Black "Pieri, Enzo"]
[Result "1-0"]
[WhiteElo "2107"]
[BlackElo "1909"]
[PlyCount "75"]
[EventDate "2007.05.19"]

1. e4 e5 2. Nf3 Nc6 3. Bb5 a6 4. Ba4 Nf6 5. O-O Be7 6. Re1 b5 7. Bb3 O-O 8. c3
Bb7 9. d4 d6 10. Nbd2 exd4 11. cxd4 Na5 12. Bc2 c5 13. d5 Bc8 14. h3 g6 15. a4
Bd7 16. b3 Rb8 17. axb5 axb5 18. Nf1 b4 19. e5 Nh5 20. Bh6 Ng7 21. Ng3 dxe5 22.
Nxe5 Bf6 23. Rxa5 Bxe5 24. Rxc5 Re8 25. Rc4 Qb6 26. Be3 Qb7 27. Rc5 Ra8 28. Bd4
Bxd4 29. Rxe8+ Nxe8 30. Qxd4 Nd6 31. Ne4 Nxe4 32. Bxe4 Ra3 33. d6 Qa7 34. Bd5
Ra1+ 35. Kh2 Ra5 36. Qf6 Be6 37. Rxa5 Qxa5 38. Bxe6 1-0

[Event "I Festival Capo d'Orso"]
[Site "Portomannu - Palau ITA"]
[Date "2007.05.19"]
[Round "1"]
[White "Efimov, Igor"]
[Black "Doggers, Peter"]
[Result "1-0"]
[WhiteElo "2433"]
[BlackElo "2247"]
[PlyCount "75"]
[EventDate "2007.05.19"]

1. d4 Nf6 2. c4 g6 3. Nc3 Bg7 4. e4 d6 5. Bd3 O-O 6. Nge2 Nc6 7. O-O Nh5 8. Bc2
e5 9. d5 Ne7 10. Be3 f5 11. exf5 gxf5 12. f4 Ng6 13. Qd2 Kh8 14. Rae1 Bd7 15.
g3 Qe7 16. Kh1 a6 17. a4 Rae8 18. a5 c5 19. Na4 Bxa4 20. Bxa4 Rb8 21. b3 Nf6
22. fxe5 Ne4 23. exd6 Qd8 24. Qc1 Ne5 25. Bh6 Bxh6 26. Qxh6 Qxa5 27. Nf4 Rf6
28. Qh5 Nf7 29. d7 b5 30. Ng2 Ned6 31. Re6 Qc3 32. cxb5 axb5 33. Bxb5 Rxb5 34.
Rxd6 Rb8 35. Rxf6 Qxf6 36. Qxf5 Qxf5 37. Rxf5 Kg8 38. Nf4 1-0

[Event "I Festival Capo d'Orso"]
[Site "Portomannu - Palau ITA"]
[Date "2007.05.19"]
[Round "1"]
[White "Fierro Baquero, Martha Lorena"]
[Black "Matamoros Franco, Carlos S."]
[Result "1/2-1/2"]
[WhiteElo "2339"]
[BlackElo "2523"]
[PlyCount "78"]
[EventDate "2007.05.19"]

1. e4 e6 2. d4 d5 3. Nd2 c5 4. exd5 exd5 5. Ngf3 Nf6 6. Be2 cxd4 7. O-O Bd6 8.
Bb5+ Nc6 9. Qe2+ Be6 10. Nxd4 Qd7 11. N2f3 O-O 12. c3 Bg4 13. Qc2 Rac8 14. Be3
Bh5 15. h3 a6 16. Be2 Bg6 17. Qa4 Nxd4 18. Qxd4 Bc5 19. Qd2 Ne4 20. Qc1 Bxe3
21. Qxe3 Rfe8 22. Qd4 Nxc3 23. Bxa6 bxa6 24. bxc3 Qc6 25. Rac1 Be4 26. Nd2 Qg6
27. Nxe4 dxe4 28. Rfd1 h6 29. c4 Qg5 30. Qd5 Re5 31. Qb7 Rce8 32. Qxa6 e3 33.
fxe3 Rxe3 34. Qb5 Qg6 35. Qb1 Qg5 36. Rf1 Re2 37. Qb7 R8e7 38. Qf3 Kh7 39. Qf5+
Qxf5 1/2-1/2

[Event "I Festival Capo d'Orso"]
[Site "Portomannu - Palau ITA"]
[Date "2007.05.19"]
[Round "1"]
[White "Glienke, Manfred"]
[Black "Djuric, Stefan"]
[Result "1/2-1/2"]
[WhiteElo "2312"]
[BlackElo "2460"]
[PlyCount "99"]
[EventDate "2007.05.19"]

1. d4 Nf6 2. Nf3 g6 3. Bf4 Bg7 4. e3 d6 5. h3 O-O 6. Be2 c5 7. c3 Qb6 8. Qb3
Be6 9. Qxb6 axb6 10. a3 Nc6 11. O-O h6 12. Nbd2 Nd7 13. Rfe1 g5 14. Bh2 f5 15.
Bb5 Na7 16. Bd3 b5 17. a4 c4 18. Bc2 d5 19. Ra3 bxa4 20. Rxa4 Nc6 21. Rea1 Rac8
22. Kf1 Bf6 23. Bg3 Kg7 24. R4a2 Nb6 25. Ke2 Bd7 26. Ra3 Rce8 27. Bc7 Na8 28.
Bg3 g4 29. hxg4 fxg4 30. Nh4 Bxh4 31. Bxh4 Nc7 32. Bg3 e5 33. Kf1 Nb5 34. R3a2
exd4 35. exd4 Bf5 36. Bxf5 Rxf5 37. Re1 Rxe1+ 38. Kxe1 Rf8 39. Nf1 h5 40. Ne3
Rd8 41. Kd2 Kg6 42. Bh4 Rd7 43. Ra8 Nd6 44. Rg8+ Kh7 45. Rf8 Kg7 46. Ra8 Ne4+
47. Ke2 Nd6 48. Kd2 Ne4+ 49. Ke2 Nd6 50. Kd2 1/2-1/2

[Event "I Festival Capo d'Orso"]
[Site "Portomannu - Palau ITA"]
[Date "2007.05.19"]
[Round "1"]
[White "Grosse Honebrink, Brigitte"]
[Black "Mannu, Michele"]
[Result "1/2-1/2"]
[WhiteElo "1945"]
[BlackElo "2128"]
[PlyCount "127"]
[EventDate "2007.05.19"]

1. d4 Nf6 2. Nf3 g6 3. Bf4 d6 4. h3 Bg7 5. e3 Nbd7 6. Be2 O-O 7. O-O c6 8. c4
b6 9. Nc3 Bb7 10. a4 Re8 11. d5 Nc5 12. Rc1 Nce4 13. Nxe4 Nxe4 14. Qb3 Qd7 15.
Bd1 cxd5 16. cxd5 Nf6 17. Be2 Bxd5 18. Qa3 Qb7 19. Rfd1 Rec8 20. Ne1 Rxc1 21.
Rxc1 Rc8 22. Rd1 Qc7 23. Nd3 a5 24. Bg5 Qb7 25. f3 Bc6 26. b4 axb4 27. Nxb4 Qd7
28. Nxc6 Qxc6 29. e4 Ra8 30. Rc1 Qd7 31. Qb3 h6 32. Bb5 Qd8 33. Be3 Nd7 34. Bc6
Rb8 35. Qc2 Nc5 36. Rd1 Qc7 37. Bb5 Ra8 38. Qc4 Qa7 39. Bc6 Rc8 40. Bb5 Ra8 41.
Bc6 Rb8 42. Bb5 Qb7 43. Rd2 Ra8 44. Ra2 Ra7 45. Qc1 h5 46. Qd1 Qa8 47. Bg5 Qc8
48. Qd5 Qe6 49. Qxe6 Nxe6 50. Be3 Nc5 51. Kf1 Kf8 52. Kf2 e6 53. Ke2 Bc3 54.
Kd1 Ba5 55. Rc2 Ke7 56. e5 Nd7 57. Bg5+ f6 58. exd6+ Kxd6 59. Bxd7 Kxd7 60.
Bxf6 Rc7 61. Bd4 Rxc2 62. Kxc2 Kd6 63. Kd3 Kd5 64. Be3 1/2-1/2

[Event "I Festival Capo d'Orso"]
[Site "Portomannu - Palau ITA"]
[Date "2007.05.19"]
[Round "1"]
[White "Jones, Alessandro"]
[Black "Diotallevi, Maurizio"]
[Result "0-1"]
[WhiteElo "1962"]
[BlackElo "2137"]
[PlyCount "54"]
[EventDate "2007.05.19"]

1. d4 d5 2. Nf3 Nf6 3. e3 Bf5 4. c4 e6 5. Qb3 Qc8 6. Nc3 c6 7. Bd2 Qc7 8. Rc1
Qb6 9. Be2 Nbd7 10. O-O Be7 11. Rfe1 h6 12. Qxb6 axb6 13. a3 O-O 14. cxd5 exd5
15. h3 Bd6 16. Na2 Rfe8 17. Nb4 b5 18. Kf1 Nb6 19. Nxc6 bxc6 20. Rxc6 Nc8 21.
Bxb5 Bd7 22. a4 Rb8 23. Rb1 Bxc6 24. Bxc6 Re7 25. a5 Na7 26. Ba4 Ne4 27. Ke2
Rc7 0-1

[Event "I Festival Capo d'Orso"]
[Site "Portomannu - Palau ITA"]
[Date "2007.05.19"]
[Round "1"]
[White "Kekki, Petri"]
[Black "Godena, Michele"]
[Result "0-1"]
[WhiteElo "2366"]
[BlackElo "2558"]
[PlyCount "66"]
[EventDate "2007.05.19"]

1. d4 d5 2. c4 e6 3. Nc3 Bb4 4. cxd5 exd5 5. Bf4 Ne7 6. e3 O-O 7. Bd3 Bf5 8.
Nge2 Bxd3 9. Qxd3 c6 10. O-O Ng6 11. Bg3 Nd7 12. a3 Be7 13. f3 f5 14. e4 f4 15.
Bf2 Nb6 16. b3 dxe4 17. fxe4 f3 18. gxf3 Ne5 19. Qc2 Nxf3+ 20. Kh1 Qd7 21. Be3
Rae8 22. Rf2 Bh4 23. Rff1 Nd5 24. Nxd5 cxd5 25. e5 Rc8 26. Qb2 Qf5 27. Ng1 Rc2
28. Qxc2 Qxc2 29. Rxf3 Rxf3 30. Nxf3 Qe4 31. Rf1 g5 32. e6 Qxe3 33. Ne5 Qe4+
0-1

[Event "I Festival Capo d'Orso"]
[Site "Portomannu - Palau ITA"]
[Date "2007.05.19"]
[Round "1"]
[White "Mercandelli, Claudio"]
[Black "Venturino, Marco"]
[Result "1/2-1/2"]
[WhiteElo "1988"]
[BlackElo "2173"]
[PlyCount "93"]
[EventDate "2007.05.19"]

1. Nf3 c5 2. c4 e6 3. g3 d5 4. Bg2 Nc6 5. O-O Nf6 6. cxd5 exd5 7. d4 c4 8. Nc3
Bb4 9. Ne5 Nxe5 10. dxe5 Bxc3 11. bxc3 Ne4 12. Bxe4 dxe4 13. Qxd8+ Kxd8 14.
Bg5+ Kc7 15. Rfd1 Bg4 16. Kf1 Rhe8 17. Rd4 Be6 18. Rad1 h6 19. Bc1 Rad8 20. Ke1
b5 21. Rxe4 Rxd1+ 22. Kxd1 Rd8+ 23. Ke1 Kc6 24. Be3 a5 25. a3 Rb8 26. Bd2 Rd8
27. f3 Rd7 28. Rd4 Rxd4 29. cxd4 b4 30. axb4 a4 31. Bc3 Kb5 32. Kd2 a3 33. e4
g6 34. d5 Bd7 35. g4 Ka4 36. Kc2 g5 37. Bd2 Bc8 38. Kc3 Kb5 39. Bc1 a2 40. Bb2
Bd7 41. Ba1 Bc8 42. Kb2 Kxb4 43. Kxa2 c3 44. Kb1 Kb3 45. Kc1 Bd7 46. Kd1 Bc8
47. Kc1 1/2-1/2

[Event "I Festival Capo d'Orso"]
[Site "Portomannu - Palau ITA"]
[Date "2007.05.19"]
[Round "1"]
[White "Moos, Gerd Anton Ferdinand"]
[Black "Gozzi, Giorgio"]
[Result "1-0"]
[WhiteElo "2064"]
[BlackElo "1879"]
[PlyCount "61"]
[EventDate "2007.05.19"]

1. e4 e6 2. d4 d5 3. Nd2 Nf6 4. e5 Nfd7 5. c3 c5 6. Bd3 Nc6 7. Ne2 Qb6 8. Nf3
cxd4 9. cxd4 f6 10. exf6 Nxf6 11. O-O Bd6 12. Nc3 O-O 13. Bg5 Bd7 14. Bh4 a6
15. Bg3 Bxg3 16. hxg3 Rad8 17. Na4 Qa7 18. Rc1 Ne4 19. Bb1 g6 20. Nc3 Nd6 21.
Ne2 Nc4 22. b3 Na3 23. Qd2 Nxb1 24. Rxb1 Kg7 25. Rfe1 Rde8 26. Nf4 Qb6 27. Rbc1
Nd8 28. Ne5 Bc6 29. Qe3 Qc7 30. g4 Nf7 31. Nxc6 1-0